PRINCIPLES OF MATHEMATICAL MODELING (Record no. 1286)

MARC details
000 -LEADER
fixed length control field 00490nam a22002057a 4500
001 - CONTROL NUMBER
control field nam a22 7a 4500
003 - CONTROL NUMBER IDENTIFIER
control field OSt
005 - DATE AND TIME OF LATEST TRANSACTION
control field 20210901100037.0
007 - PHYSICAL DESCRIPTION FIXED FIELD--GENERAL INFORMATION
fixed length control field nam a22 7a 4500
008 - FIXED-LENGTH DATA ELEMENTS--GENERAL INFORMATION
fixed length control field 210901b |||||||| |||| 00| 0 eng d
020 ## - INTERNATIONAL STANDARD BOOK NUMBER
International Standard Book Number 01222655513
040 ## - CATALOGING SOURCE
Transcribing agency HU
082 ## - DEWEY DECIMAL CLASSIFICATION NUMBER
Classification number 511.8/DAM
100 ## - MAIN ENTRY--PERSONAL NAME
Personal name DYN CLIVE
9 (RLIN) 1047
245 ## - TITLE STATEMENT
Title PRINCIPLES OF MATHEMATICAL MODELING
250 ## - EDITION STATEMENT
Edition statement 2nd
260 ## - PUBLICATION, DISTRIBUTION, ETC.
Place of publication, distribution, etc. Amesterdam
Name of publisher, distributor, etc. ELSEVER
Date of publication, distribution, etc. 2004
300 ## - PHYSICAL DESCRIPTION
Extent 303P.
942 ## - ADDED ENTRY ELEMENTS (KOHA)
Source of classification or shelving scheme Dewey Decimal Classification
Koha item type Books like text book referance book
Suppress in OPAC No
Holdings
Withdrawn status Lost status Source of classification or shelving scheme Damaged status Not for loan Home library Current library Shelving location Date acquired Total Checkouts Full call number Barcode Date last seen Copy number Price effective from Koha item type
    Dewey Decimal Classification     Natural & Computational Science Library Natural & Computational Science Library General Stacks 09/01/2021   511.8/DYM NSCLIB00000735 09/01/2021 1 09/01/2021 Books like text book referance book